The complete guide to netware 4.11/intranet ware (Record no. 3736)
[ view plain ]
| 000 -LEADER | |
|---|---|
| fixed length control field | 00380nam a2200145Ia 4500 |
| 008 - FIXED-LENGTH DATA ELEMENTS--GENERAL INFORMATION | |
| fixed length control field | 230711s9999||||xx |||||||||||||| ||und|| |
| 041 ## - LANGUAGE CODE | |
| Language code of text/sound track or separate title | ENG |
| 082 ## - DEWEY DECIMAL CLASSIFICATION NUMBER | |
| Classification number | 4 |
| Item number | GA-N |
| 100 ## - MAIN ENTRY--PERSONAL NAME | |
| Personal name | Gaskin,James E |
| 245 #4 - TITLE STATEMENT | |
| Title | The complete guide to netware 4.11/intranet ware |
| 250 ## - EDITION STATEMENT | |
| Edition statement | 2nd . . Ed. |
| 260 ## - PUBLICATION, DISTRIBUTION, ETC. | |
| Date of publication, distribution, etc. | 1997 |
| Place of publication, distribution, etc. | New Delhi |
| Name of publisher, distributor, etc. | BPB Publications |
| 650 ## - SUBJECT ADDED ENTRY--TOPICAL TERM | |
| Topical term or geographic name entry element | Computer Engineering |
| 942 ## - ADDED ENTRY ELEMENTS (KOHA) | |
| Koha item type | Book |
| Withdrawn status | Lost status | Damaged status | Not for loan | Collection | Home library | Current library | Date acquired | Total checkouts | Full call number | Barcode | Date last seen | Price effective from | Koha item type |
|---|---|---|---|---|---|---|---|---|---|---|---|---|---|
| MRSPTU Central Library | MRSPTU Central Library | 4 GA-N | 12722 | 08/17/2023 | 08/17/2023 | Book | |||||||
| MRSPTU Central Library | MRSPTU Central Library | 4 GA-N | 12723 | 08/17/2023 | 08/17/2023 | Book |
